100 Biggest Belgian Cities - Statistics

General Stats
  • This quiz has been taken 461 times
  • The average score is 38 of 100
Answers on the Map
Answers color-coded by a green-red scale on the quiz's map according to % correct below.
 
Answer Stats
City Province Population % Correct
Antwerp Antwerpen 544,759
98%
Ghent Oost-Vlaanderen 269,597
97%
Bruges West-Vlaanderen 119,869
96%
Liège Liege 195,778
95%
Brussels Bruxelles-Capitale 196,828
93%
Charleroi Hainaut 204,322
88%
Namur Namur 114,142
88%
Leuven Vlaams-Brabant 104,009
82%
Ostend West-Vlaanderen 72,586
79%
Genk Limburg 67,877
74%
Kortrijk West-Vlaanderen 80,032
74%
Mons Hainaut 96,358
73%
Hasselt Limburg 80,828
68%
Mechelen Antwerpen 89,313
68%
Anderlecht Bruxelles-Capitale 126,581
64%
Aalst Oost-Vlaanderen 90,995
62%
Sint-Niklaas Oost-Vlaanderen 81,863
62%
Mol Antwerpen 38,534
61%
Arlon Luxembourg 31,310
59%
Ypres West-Vlaanderen 35,550
58%
Tournai Hainaut 68,554
57%
Roeselare West-Vlaanderen 66,262
54%
Wavre Brabant Wallon 35,558
49%
Turnhout Antwerpen 47,305
48%
Knokke-Heist West-Vlaanderen 32,514
47%
Schaerbeek Bruxelles-Capitale 130,405
47%
La Louvière Hainaut 81,241
46%
Sint-Truiden Limburg 41,469
46%
Mouscron Hainaut 59,987
45%
Verviers Liege 55,770
43%
Dendermonde Oost-Vlaanderen 47,185
42%
Seraing Liege 64,266
42%
Waregem West-Vlaanderen 39,997
42%
Geel Antwerpen 42,331
39%
Ninove Oost-Vlaanderen 40,363
39%
Tongeren Limburg 32,138
39%
Vilvoorde Vlaams-Brabant 47,445
39%
Ixelles Bruxelles-Capitale 89,278
38%
Lier Antwerpen 38,210
38%
Lokeren Oost-Vlaanderen 43,554
38%
Waterloo Brabant Wallon 30,596
38%
Maasmechelen Limburg 40,219
37%
Uccle Bruxelles-Capitale 86,806
37%
Beveren Oost-Vlaanderen 50,838
36%
Lommel Limburg 34,913
36%
Oudenaarde Oost-Vlaanderen 32,702
35%
Zaventem Vlaams-Brabant 36,676
35%
Halle Vlaams-Brabant 42,595
34%
Deinze Oost-Vlaanderen 45,471
33%
Geraardsbergen Oost-Vlaanderen 34,999
33%
Saint-Gilles Bruxelles-Capitale 49,293
32%
Tienen Vlaams-Brabant 36,581
31%
Aarschot Vlaams-Brabant 31,138
30%
Forest Bruxelles-Capitale 58,044
30%
Beringen Limburg 48,353
29%
Menen West-Vlaanderen 34,417
29%
Aalter Oost-Vlaanderen 29,787
28%
Ronse Oost-Vlaanderen 27,356
28%
Ath Hainaut 30,048
27%
Brasschaat Antwerpen 38,470
27%
Herentals Antwerpen 28,865
27%
Wevelgem West-Vlaanderen 31,884
27%
Izegem West-Vlaanderen 29,227
26%
Jette Bruxelles-Capitale 54,107
26%
Molenbeek-Saint-Jean Bruxelles-Capitale 98,365
26%
Zottegem Oost-Vlaanderen 28,085
26%
Evergem Oost-Vlaanderen 36,860
25%
Nivelles Brabant Wallon 29,070
25%
Heist-op-den-Berg Antwerpen 44,505
24%
Bilzen Limburg 32,782
23%
Harelbeke West-Vlaanderen 29,904
23%
Pelt Limburg 34,433
23%
Grimbergen Vlaams-Brabant 39,860
22%
Temse Oost-Vlaanderen 31,271
21%
Woluwe-Saint-Lambert Bruxelles-Capitale 60,771
20%
Asse Vlaams-Brabant 35,755
19%
Dilbeek Vlaams-Brabant 44,878
19%
Etterbeek Bruxelles-Capitale 49,775
19%
Evere Bruxelles-Capitale 45,234
19%
Schoten Antwerpen 34,641
19%
Woluwe-Saint-Pierre Bruxelles-Capitale 42,571
19%
Herstal Liege 40,814
18%
Kapellen Antwerpen 27,782
18%
Ans Liege 28,989
17%
Heusden-Zolder Limburg 35,017
17%
Auderghem Bruxelles-Capitale 35,350
16%
Braine-l'Alleud Brabant Wallon 40,461
16%
Châtelet Hainaut 35,595
16%
Willebroek Antwerpen 28,248
16%
Binche Hainaut 33,651
15%
Tubize Brabant Wallon 28,381
15%
Brecht Antwerpen 30,610
14%
Andenne Namur 28,187
13%
Courcelles Hainaut 31,337
13%
Sambreville Namur 28,615
13%
Houthalen-Helchteren Limburg 30,896
12%
Lievegem Oost-Vlaanderen 27,225
12%
Sint-Pieters-Leeuw Vlaams-Brabant 36,525
12%
Ottignies-Louvain-la-Neuve Brabant Wallon 31,648
11%
Soignies Hainaut 29,032
11%
No matching quizzes found
Score Distribution
Percent of People with Each Score
Percentile by Number Answered
Your Score History
You have not taken this quiz